[Event "Stay Safe Play From Home 204"]
[Site "T#646591Emanuel Laske"]
[Date "2020.06.05"]
[Round "5"]
[White "Tobo Rubirosa"]
[Black "lazieri3"]
[Result "1-0"]
[WhiteElo "1667"]
[BlackElo "2033"]
[Annotator "TA"]
[PlyCount "179"]
[EventDate "2020.06.05"]
[EventType "swiss (blitz)"]

{[%evp 9,179,14,9,6,89,12,65,53,102,96,111,108,157,156,187,170,156,150,189,169,180,128,125,128,131,126,143,138,133,135,138,145,198,145,174,180,182,176,182,179,210,147,146,142,120,116,102,119,178,178,178,176,177,177,172,172,177,165,160,131,133,103,181,222,244,229,311,309,299,252,258,243,321,215,318,313,310,257,243,243,310,302,264,43,45,44,44,0,0,0,0,0,0,0,29975,29976,29976,29977,29975,29978,29978,29979,29979,29980,29980,29981,29981,0,29978,29979,29981,29982,29982,29980,29980,29981,29980,29981,29980,29980,29988,29989,29989,29990,29990,29991,29994,29995,29995,29991,29992,29993,29993,29994,29995,29996,29996,29997,29997,29996,29996,29997,29997,29995,29996,29996,29997,29994,29994,29993,29993,29992,29992,29992,29992,29993,29993,29992,29993,29994,29994,29995,29995,29996,29996,29996,29996,29997,29997,29997,29998,29999]} 1. Nf3 c6 2. d4 d5 3. c4 Nf6 4. Qc2 g6 5. Nc3 Bf5 6. Qb3 {D11: Slav Defence: 3 Nf3 sidelines and 3...Nf6 4 e3 Bg4.} b6 {[#]} (6... Qb6 $11) 7. Bg5 $146 (7. cxd5 $16 {e4! is the strong threat.} Nxd5 8. e4 {[%mdl 64] Double Attack} Nxc3 9. exf5 (9. Qxc3 Bxe4 10. d5 Rg8 $11)) ({Predecessor:} 7. g3 Bg7 8. Bg2 O-O 9. Ne5 dxc4 10. Qxc4 b5 11. Nxc6 Nxc6 12. Qxc6 Rc8 13. Qxb5 {1-0 (29) Mekarapiruk,C (1586)-Tsang,B Thailand 2019}) 7... Bg7 (7... dxc4 $1 $11 8. Qxc4 b5) 8. Bxf6 $14 {White is slightly better.} Bxf6 9. cxd5 cxd5 10. Qxd5 Qxd5 11. Nxd5 {Hoping for Nc7+.} Kd8 12. Nxf6 exf6 13. e3 Nd7 14. Bc4 Be6 15. Bxe6 (15. Ba6 $18) 15... fxe6 $16 16. Ke2 Ke7 17. Rac1 Kd6 18. Rc2 Rac8 19. Rhc1 Rxc2+ 20. Rxc2 {[%mdl 4096] Endgame KRN-KRN} h5 (20... Nb8 $16 21. Nd2 Kd7) 21. Kd3 (21. Nd2 $18) 21... e5 22. dxe5+ Nxe5+ 23. Nxe5 Kxe5 $18 {KR-KR} 24. Rc7 a5 25. Rb7 Rd8+ 26. Ke2 Rd6 27. h4 Rc6 28. Kf3 f5 (28... a4 $16 29. g3 g5) 29. b3 Rd6 30. a4 Rc6 31. g3 Rd6 32. Ke2 Rc6 33. f3 Rd6 34. e4 fxe4 35. Re7+ Kf5 (35... Kd4 $16) 36. Rxe4 ({Much less strong is} 36. fxe4+ $6 Kg4 $16) 36... Rc6 37. Rc4 Rd6 38. g4+ Ke5 39. Re4+ Kf6 40. Ke3 Rc6 41. Rd4 Rc3+ (41... Kf7 {was worth a try.} 42. Ke4 Re6+ 43. Kf4 Rf6+ 44. Kg3 hxg4) 42. Rd3 Rc6 43. gxh5 gxh5 44. Ke4 Re6+ 45. Kf4 Rc6 46. Kg3 $2 (46. Rd8 $18) 46... Ke5 $14 47. Re3+ Kf5 48. f4 Rc5 49. Rd3 Ke4 50. Rf3 Rd5 51. Rc3 Rd4 $2 {[%mdl 8192] White leaves nothing to chance now.} (51... b5 $11) 52. Rc4 Rxc4 53. bxc4 {KP-KP} Kd4 54. f5 Ke5 {[#]} 55. f6 $1 {[%mdl 512]} Ke6 {[#]} (55... Kxf6 56. Kf4) 56. Kf3 $1 {[%cal Rf3e4]} Kf7 57. Ke4 Ke6 58. Kf3 Kf7 $1 {[#]} 59. Ke3 $1 {[%cal Re3d4] White mates.} Ke6 60. Ke4 Kxf6 {K3P-K3P} 61. Kf4 Ke6 62. Kg5 Kd6 63. Kxh5 {K3P-KPP} Kc5 64. Kg6 b5 65. cxb5 {KP-KP} Kb4 66. b6 Kxa4 {KPP-KP} 67. b7 Ka3 68. b8=Q a4 {[#]} 69. Qa8 $1 Kb4 70. h5 a3 71. h6 Kb3 72. h7 a2 73. h8=Q a1=Q 74. Qhb8+ Kc4 75. Qc6+ Kd3 76. Qd8+ Ke3 77. Qe6+ Kf3 78. Qdf6+ Qxf6+ 79. Qxf6+ Ke4 80. Qf5+ Kd4 81. Qe6 Kc5 82. Qd7 Kc4 83. Qd6 Kc3 84. Kf5 Kc4 85. Ke4 Kc3 86. Qd4+ Kc2 87. Qd3+ Kb2 88. Kd4 Kc1 89. Qe2 Kb1 90. Kc3 {Accuracy: White = 79%, Black = 62%.} 1-0

[Event "Stay Safe Play From Home 204"]
[Site "T#646591Emanuel Laske"]
[Date "2020.06.05"]
[Round "6"]
[White "lazieri3"]
[Black "Haris kollari 13"]
[Result "1-0"]
[WhiteElo "2002"]
[BlackElo "2007"]
[Annotator "NA RC"]
[PlyCount "103"]
[EventDate "2020.06.05"]
[EventType "swiss (blitz)"]

1. e4 {[%emt 0:00:01]} e6 {[%emt 0:00:01]} 2. e5 {[%emt 0:00:02]} d5 {[%emt 0:00:01]} 3. exd6 {[%emt 0:00:00]} cxd6 {[%emt 0:00:00]} 4. d4 {[%emt 0:00:00]} d5 {[%emt 0:00:01]} 5. c3 {[%emt 0:00:01]} Nc6 {[%emt 0:00:01]} 6. Bf4 {[%emt 0:00:01]} Nf6 {[%emt 0:00:03]} 7. Nf3 {[%emt 0:00:01]} Bd6 {[%emt 0:00:02]} 8. Bxd6 {[%emt 0:00:02]} Qxd6 {[%emt 0:00:01]} 9. Bd3 {[%emt 0:00:00]} Bd7 {[%emt 0:00:01]} 10. O-O {[%emt 0:00:01]} a6 {[%emt 0:00:01]} 11. Re1 {[%emt 0:00:01]} O-O {[%emt 0:00:01]} 12. Nbd2 {[%emt 0:00:01]} Rfe8 {[%emt 0:00:02]} 13. h3 {[%emt 0:00:01]} Rac8 {[%emt 0:00:01]} 14. Ne5 {[%emt 0:00:01]} Re7 {[%emt 0:00:10]} 15. Qe2 {[%emt 0:00:04]} Be8 {[%emt 0:00:01]} 16. g3 {[%emt 0:00:02]} Nd7 {[%emt 0:00:05]} 17. b3 {[%emt 0:00:02]} Ncxe5 {[%emt 0:00:04]} 18. dxe5 {[%emt 0:00:01]} Qc6 {[%emt 0:00:14]} 19. c4 {[%emt 0:00:02]} dxc4 {[%emt 0:00:03]} 20. Nxc4 {[%emt 0:00:00]} Nf8 {[%emt 0:00:03]} 21. Be4 {[%emt 0:00:19]} Qb5 {[%emt 0:00:14]} 22. Nd6 {[%emt 0:00:06]} Qxe2 {[%emt 0:00:03]} 23. Rxe2 {[%emt 0:00:00]} Rcc7 {[%emt 0:00:04]} 24. Rd1 {[%emt 0:00:06]} Nd7 {[%emt 0:00:13]} 25. Bxb7 {[%emt 0:00:30]} f6 {[%emt 0:00:17]} 26. exf6 {[%emt 0:00:05]} gxf6 {[%emt 0:00:04]} 27. Bxa6 {[%emt 0:00:02]} Ne5 {[%emt 0:00:04]} 28. Ne4 {[%emt 0:00:18]} Kf7 {[%emt 0:00:05]} 29. Nd6+ {[%emt 0:00:04]} Kg7 {[%emt 0:00:02]} 30. f4 {[%emt 0:00:04]} Ng6 {[%emt 0:00:07]} 31. Bc4 {[%emt 0:00:05]} Bf7 {[%emt 0:00:08]} 32. Nxf7 {[%emt 0:00:07]} Kxf7 {[%emt 0:00:03]} 33. Rde1 {[%emt 0:00:01]} Rc6 {[%emt 0:00:06]} 34. f5 {[%emt 0:00:07]} Ne5 {[%emt 0:00:01]} 35. Bxe6+ {[%emt 0:00:10]} Kg7 {[%emt 0:00:01]} 36. Kg2 {[%emt 0:00:10]} h5 {[%emt 0:00:10]} 37. Rd1 {[%emt 0:00:05]} Rc3 {[%emt 0:00:04]} 38. Rd8 {[%emt 0:00:03]} Ra7 {[%emt 0:00:17]} 39. a4 {[%emt 0:00:04]} Rb7 {[%emt 0:00:06]} 40. Red2 {[%emt 0:00:04]} Rbc7 {[%emt 0:00:13]} 41. a5 {[%emt 0:00:36]} h4 {[%emt 0:00:01]} 42. gxh4 {[%emt 0:00:02]} Kh6 {[%emt 0:00:21]} 43. a6 {[%emt 0:00:04]} Rg7+ {[%emt 0:00:02]} 44. Kf1 {[%emt 0:00:08]} Rf3+ {[%emt 0:00:05]} 45. Rf2 {[%emt 0:00:04]} Rxh3 {[%emt 0:00:07]} 46. Rh8+ {[%emt 0:00:02]} Rh7 {[%emt 0:00:01]} 47. Rxh7+ {[%emt 0:00:01]} Kxh7 {[%emt 0:00:00]} 48. Kg2 {[%emt 0:00:23]} Rc3 {[%emt 0:00:09]} 49. a7 {[%emt 0:00:02]} Ng4 {[%emt 0:00:07]} 50. a8=Q {[%emt 0:00:05]} Nxf2 {[%emt 0:00:02]} 51. Qg8+ {[%emt 0:00:04]} Kh6 {[%emt 0:00:01]} 52. Qg6# {[%emt 0:00:01] (Lag: Av=0.57s, max=0.8s)} 1-0

[Event "Stay Safe Play From Home 204"]
[Site "T#646591Emanuel Laske"]
[Date "2020.06.05"]
[Round "6"]
[White "Bellbox"]
[Black "Edmatuag"]
[Result "1-0"]
[WhiteElo "1938"]
[BlackElo "1731"]
[Annotator "TA"]
[PlyCount "85"]
[EventDate "2020.06.05"]
[EventType "swiss (blitz)"]

{[%evp 22,85,10,25,46,58,89,96,89,67,212,120,114,53,57,15,24,28,8,0,0,0,0,0,0,0,0,0,13,0,7,0,33,23,42,45,50,50,52,31,35,45,85,77,110,35,43,35,36,36,36,23,84,47,121,120,248,243,238,197,283,283,683,675,29987,29988]} 1. e4 c5 2. c3 Nc6 3. d4 cxd4 4. cxd4 d5 5. exd5 Qxd5 6. Nf3 Bg4 7. Nc3 Bxf3 8. gxf3 Qxd4 9. Qxd4 Nxd4 10. Nb5 Nc2+ 11. Kd1 Nxa1 12. Nc7+ {[%mdl 64] Double Attack} Kd8 {B22: Sicilian: 2 c3.} 13. Nxa8 e5 14. Be3 {[%mdl 1024] White has strong compensation.} b6 {White is better.} 15. Ba6 Bc5 {[#]} (15... Nf6 $14) 16. Kc1 {[#]} (16. Bxc5 $1 $18 bxc5 17. Kc1 (17. Kd2 Nf6 $11)) 16... Bd6 $146 ({Predecessor:} 16... Nf6 17. Rd1+ Ke7 18. Nc7 Rd8 19. Bxc5+ bxc5 20. Rxd8 Kxd8 21. Nb5 Nd5 22. Na3 Nb3+ 23. axb3 {½-½ (32) Tobisch,M-Riedl,M Germany 1998}) 17. Rd1 ({Better is} 17. Kb1 $16) 17... Ke7 $14 18. Kb1 {Threatens to win with Rc1.} (18. Bxb6 $5 axb6 19. Nxb6 $14) 18... Nf6 19. Nxb6 axb6 20. Bxb6 Rb8 21. Be3 {[#]} Nb3 $1 {[%mdl 512]} 22. axb3 Rxb3 23. Kc2 Rb8 24. b3 Nd7 25. Rd5 Nb6 (25... f5 {feels hotter.} 26. Bg5+ Nf6 27. f4 Kd7 28. Ra5 Bc7) 26. Rb5 Nd7 (26... Bc7 {looks sharper.} 27. Ra5 Kd6 28. Ra1 Nd5 29. Bc4 Nxe3+ 30. fxe3 Bb6) 27. Rxb8 Nxb8 {[%mdl 4096] Endgame KBB-KBN} 28. Bb5 Nd7 29. Kc3 Nc5 30. Kc4 Ne6 31. Bc6 f5 32. b4 Nd4 33. Bd5 ({Much worse is} 33. Bxd4 $6 exd4 34. h3 d3 $15) (33. b5 $16) 33... Nc2 34. Bd2 Na3+ 35. Kb3 Nb5 36. Ka4 Nc7 (36... Nd4 $11 {remains equal.}) 37. Bc4 Kd7 (37... Ne6 $14) 38. b5 $16 {[%cal Bb4b5,Bb5b6][%mdl 32]} Kc8 (38... Na8 $16) 39. b6 $18 Ne8 40. Ba6+ Kb8 (40... Kd8 {was worth a try.} 41. Bd3 g6) 41. Kb5 Nf6 $2 (41... e4 42. f4 g5 43. fxg5 Bxh2) 42. Kc6 Ba3 43. Bc3 {Accuracy: White = 70%, Black = 44%.} 1-0

[Event "Stay Safe Play From Home 204"]
[Site "T#646591Emanuel Laske"]
[Date "2020.06.05"]
[Round "6"]
[White "Leauacristi"]
[Black "Tobo Rubirosa"]
[Result "0-1"]
[WhiteElo "1831"]
[BlackElo "1697"]
[Annotator "NA RC"]
[PlyCount "144"]
[EventDate "2020.06.05"]
[EventType "swiss (blitz)"]

1. e4 {[%emt 0:00:02]} c5 {[%emt 0:00:02]} 2. Nf3 {[%emt 0:00:01]} d6 {[%emt 0:00:01]} 3. d4 {[%emt 0:00:01]} cxd4 {[%emt 0:00:01]} 4. Nxd4 {[%emt 0:00:01]} Nf6 {[%emt 0:00:01]} 5. Nc3 {[%emt 0:00:01]} a6 {[%emt 0:00:01]} 6. Bc4 {[%emt 0:00:02]} e6 {[%emt 0:00:01]} 7. Bb3 {[%emt 0:00:01]} b5 {[%emt 0:00:01]} 8. Bg5 {[%emt 0:00:02]} Be7 {[%emt 0:00:01]} 9. O-O {[%emt 0:00:02]} Qc7 {[%emt 0:00:06]} 10. Kh1 {[%emt 0:00:02]} Nc6 {[%emt 0:00:02]} 11. Nxc6 {[%emt 0:00:02]} Qxc6 {[%emt 0:00:02]} 12. f4 {[%emt 0:00:21]} O-O {[%emt 0:00:25]} 13. Bxf6 {[%emt 0:00:03]} Bxf6 {[%emt 0:00:03]} 14. Nd5 {[%emt 0:00:01]} Bb7 {[%emt 0:00:14]} 15. Nxf6+ {[%emt 0:00:05]} gxf6 {[%emt 0:00:01]} 16. Qg4+ {[%emt 0:00:16]} Kh8 {[%emt 0:00:06]} 17. f5 {[%emt 0:00:08]} Qxe4 {[%emt 0:00:11]} 18. Qxe4 {[%emt 0:00:09]} Bxe4 {[%emt 0:00:04]} 19. fxe6 {[%emt 0:00:01]} fxe6 {[%emt 0:00:03]} 20. Rae1 {[%emt 0:00:06]} d5 {[%emt 0:00:05]} 21. c3 {[%emt 0:00:07]} f5 {[%emt 0:00:03]} 22. Kg1 {[%emt 0:00:09]} Rg8 {[%emt 0:00:02]} 23. g3 {[%emt 0:00:02]} Rg5 {[%emt 0:00:03]} 24. Rf4 {[%emt 0:00:02]} Rag8 {[%emt 0:00:05]} 25. Rh4 {[%emt 0:00:08]} Rg4 {[%emt 0:00:13]} 26. Rxg4 {[%emt 0:00:06]} Rxg4 {[%emt 0:00:04]} 27. Kf2 {[%emt 0:00:04]} h5 {[%emt 0:00:03]} 28. Bd1 {[%emt 0:00:02]} Rg7 {[%emt 0:00:18]} 29. Bxh5 {[%emt 0:00:19]} Rh7 {[%emt 0:00:03]} 30. Bf3 {[%emt 0:00:02]} Rxh2+ {[%emt 0:00:03]} 31. Ke3 {[%emt 0:00:01]} Rxb2 {[%emt 0:00:10]} 32. Bxe4 {[%emt 0:00:02]} dxe4 {[%emt 0:00:03]} 33. Ra1 {[%emt 0:00:05]} Kg7 {[%emt 0:00:05]} 34. a4 {[%emt 0:00:06]} Kf6 {[%emt 0:00:02]} 35. axb5 {[%emt 0:00:01]} axb5 {[%emt 0:00:02]} 36. Ra6 {[%emt 0:00:03]} Rb3 {[%emt 0:00:02]} 37. Kd4 {[%emt 0:00:02]} b4 {[%emt 0:00:06]} 38. cxb4 {[%emt 0:00:09]} Rxb4+ {[%emt 0:00:09]} 39. Ke3 {[%emt 0:00:01]} Rb3+ {[%emt 0:00:02]} 40. Kf2 {[%emt 0:00:01]} Rf3+ {[%emt 0:00:04]} 41. Kg2 {[%emt 0:00:02]} Rd3 {[%emt 0:00:10]} 42. Ra5 {[%emt 0:00:03]} Rd5 {[%emt 0:00:03]} 43. Ra8 {[%emt 0:00:05]} Ke5 {[%emt 0:00:02]} 44. Re8 {[%emt 0:00:02]} Rd6 {[%emt 0:00:02]} 45. Kf2 {[%emt 0:00:02]} Kd4 {[%emt 0:00:03]} 46. Re7 {[%emt 0:00:05]} Ra6 {[%emt 0:00:02]} 47. Re8 {[%emt 0:00:04]} Ra2+ {[%emt 0:00:06]} 48. Kf1 {[%emt 0:00:04]} Ke3 {[%emt 0:00:07]} 49. Rxe6 {[%emt 0:00:09]} Kf3 {[%emt 0:00:03]} 50. Ke1 {[%emt 0:00:03]} Kxg3 {[%emt 0:00:02]} 51. Re5 {[%emt 0:00:03]} Kf4 {[%emt 0:00:03]} 52. Re8 {[%emt 0:00:03]} Ke3 {[%emt 0:00:02]} 53. Kf1 {[%emt 0:00:02]} f4 {[%emt 0:00:03]} 54. Rb8 {[%emt 0:00:02]} f3 {[%emt 0:00:10]} 55. Rb3+ {[%emt 0:00:02]} Kf4 {[%emt 0:00:01]} 56. Rb8 {[%emt 0:00:07]} Ra3 {[%emt 0:00:12]} 57. Rb1 {[%emt 0:00:07]} e3 {[%emt 0:00:06]} 58. Rc1 {[%emt 0:00:08]} Kg3 {[%emt 0:00:05]} 59. Kg1 {[%emt 0:00:05]} Ra2 {[%emt 0:00:04]} 60. Rf1 {[%emt 0:00:04]} Rd2 {[%emt 0:00:04]} 61. Kh1 {[%emt 0:00:03]} e2 {[%emt 0:00:03]} 62. Rg1+ {[%emt 0:00:23]} Kf2 {[%emt 0:00:03]} 63. Kh2 {[%emt 0:00:07]} e1=Q {[%emt 0:00:14]} 64. Rf1+ {[%emt 0:00:02]} Ke3+ {[%emt 0:00:03]} 65. Kh3 {[%emt 0:00:04]} Qxf1+ {[%emt 0:00:02]} 66. Kg4 {[%emt 0:00:01]} Rg2+ {[%emt 0:00:02]} 67. Kf5 {[%emt 0:00:01]} f2 {[%emt 0:00:02]} 68. Ke5 {[%emt 0:00:01]} Rg5+ {[%emt 0:00:01]} 69. Kf6 {[%emt 0:00:02]} Rf5+ {[%emt 0:00:02]} 70. Kxf5 {[%emt 0:00:01]} Kd3 {[%emt 0:00:02]} 71. Ke5 {[%emt 0:00:01]} Kc3 {[%emt 0:00:00]} 72. Ke4 {[%emt 0:00:02]} Kb2 {[%emt 0:00:00] Leauacristi resigns (Lag: Av=1.01s, max=1.4s)} 0-1

[Event "Stay Safe Play From Home 204"]
[Site "T#646591Emanuel Laske"]
[Date "2020.06.05"]
[Round "6"]
[White "Timbre"]
[Black "Chase the sun"]
[Result "1/2-1/2"]
[WhiteElo "1753"]
[BlackElo "1916"]
[Annotator "TA"]
[PlyCount "155"]
[EventDate "2020.06.05"]
[EventType "swiss (blitz)"]

{[%evp 9,155,-6,-6,-22,-28,-30,-25,-25,-26,-27,-23,-33,-31,-39,-8,-14,0,-22,0,-55,-56,-55,-50,-43,-33,-43,-41,-44,-36,-26,-31,-116,-105,-80,-25,-27,-27,-27,-29,-112,-106,-100,-31,-36,-29,-119,-118,-241,-117,-124,-114,-121,-104,-112,-84,-79,-83,-84,-38,-45,-38,-63,0,0,0,0,0,0,0,0,0,0,0,0,0,0,0,0,0,0,0,0,0,0,0,0,0,0,0,0,1008,0,0,0,0,0,0,0,0,0,0,0,0,0,0,0,0,0,0,0,0,0,0,0,0,0,0,0,0,0,0,0,0,0,0,0,0,0,0,0,0,0,0,0,0,0,0,0,0,0,0,0,0,0,0,0,0,0]} 1. d4 e6 2. Nf3 Nf6 3. c3 b6 4. Bg5 Bb7 5. e3 Be7 6. Bxf6 {A46: 1 d4 Nf6 2 Nf3 e6: Torre, London and Colle Systems.} Bxf6 7. Be2 O-O 8. Nbd2 {[%cal Bb1d2,Bd2e4,Be4d6,Bd6c4,Bc4e5][%mdl 32] Black has an edge.} c5 9. O-O d6 10. Qc2 d5 11. e4 dxe4 12. Nxe4 Nd7 13. Nd6 Bc6 14. dxc5 (14. Rad1 $11) 14... Nxc5 $15 15. Rad1 Qe7 16. Nc4 Rad8 17. Rxd8 Rxd8 18. Rd1 h6 19. Nce5 Be4 20. Rxd8+ (20. Qc1 $15) 20... Qxd8 $17 21. Qc1 Nd3 ({Black should play} 21... Bxe5 $17 22. Nxe5 Qd5) 22. Bxd3 Bxd3 23. Nxd3 Qxd3 24. Qe1 {[#]} (24. Ne1 $11 {keeps the balance.} Qd5 25. a3) 24... Qc2 $1 {[%cal Rc2b2]} 25. Qa1 Be7 (25... e5 $17) 26. Nd4 $15 Qd2 27. Qb1 (27. Nf3 $11 Qe2 28. Nd4) 27... Bc5 $17 28. h3 (28. Kf1 $17 {keeps fighting.}) 28... Bxd4 (28... e5 $19 {has better winning chances.} 29. Nf3 Qxf2+ 30. Kh1 Qe2) 29. cxd4 Qxd4 $19 {[%mdl 4096] Endgame KQ-KQ} 30. Qc2 Qd7 31. a3 f6 32. b4 Kf7 33. h4 g6 34. g3 f5 35. Qc3 Qa4 ({Better is} 35... g5 $15) 36. Qc7+ $11 Kf6 37. Qc3+ e5 38. Qd3 Qc6 39. Qd8+ Kf7 40. Qh8 Qf6 41. Qxh6 e4 (41... Qd6 {feels hotter.} 42. Qh7+ Kf6 43. Qh8+ Kf7 44. h5 Qd1+) 42. Qh7+ (42. h5 {seems wilder.} Qg7 43. Qf4 Qa1+ 44. Kh2 Qd1 45. Qc7+) 42... Qg7 43. Qxg7+ Kxg7 {KP-KP} 44. Kf1 b5 45. Ke2 Kf6 46. Ke3 {[#] Black must now prevent Kf4.} Ke5 47. f3 exf3 48. Kxf3 Kf6 49. Kf4 Kf7 $2 {[%mdl 8192]} (49... a6 $11 50. g4 fxg4) 50. Ke5 $2 (50. Kg5 $18 {Threatens to win with h5.} Kg7 51. h5 gxh5 52. Kxf5) 50... Kg7 {The position is equal.} 51. Kf4 {Hoping for Kg5.} Kf6 52. Ke3 g5 53. hxg5+ Kxg5 {K3P-K3P} 54. Kf3 Kg6 55. g4 Kf6 {...fxg4+ is the strong threat.} 56. gxf5 $1 Kxf5 {KPP-KPP} 57. Ke3 {Strongly threatening Kd4.} Ke5 58. Kd3 Kd5 59. Kc3 Ke4 60. Kb3 Kd3 61. a4 a6 {[%cal Ba7a6,Ba6b5,Bb5b4,Bb4b3][%mdl 32]} 62. axb5 axb5 {KP-KP} 63. Kb2 Kc4 64. Ka3 Kc3 65. Ka2 Kxb4 {KP-K} 66. Kb2 Ka4 67. Ka2 b4 68. Kb2 Kb5 (68... b3 $5) 69. Kb3 Kc5 70. Kb2 Kc4 71. Kc2 b3+ 72. Kb2 Kb4 73. Kb1 Ka3 74. Ka1 Ka4 {( -> ...Ka3)} 75. Kb2 Kb4 76. Kb1 Kc4 77. Kb2 Kd3 78. Kxb3 {White used his chance. Accuracy: White = 83%, Black = 84%.} 1/2-1/2

[Event "Stay Safe Play From Home 204"]
[Site "T#646591Emanuel Laske"]
[Date "2020.06.05"]
[Round "6"]
[White "Justwatch"]
[Black "Kongle"]
[Result "1-0"]
[WhiteElo "1238"]
[BlackElo "1840"]
[Annotator "NA RC"]
[PlyCount "59"]
[EventDate "2020.06.05"]
[EventType "swiss (blitz)"]

1. e4 {[%emt 0:00:02]} c5 {[%emt 0:00:02]} 2. Nf3 {[%emt 0:00:03]} d6 {[%emt 0:00:02]} 3. Nc3 {[%emt 0:00:00]} Nf6 {[%emt 0:00:03]} 4. Bb5+ {[%emt 0:00:00]} Nc6 {[%emt 0:00:02]} 5. d3 {[%emt 0:00:01]} Bg4 {[%emt 0:00:03]} 6. Bxc6+ {[%emt 0:00:00]} bxc6 {[%emt 0:00:02]} 7. h3 {[%emt 0:00:00]} Bh5 {[%emt 0:00:02]} 8. O-O {[%emt 0:00:02]} e6 {[%emt 0:00:02]} 9. Qe1 {[%emt 0:00:01]} Be7 {[%emt 0:00:02]} 10. Nh2 {[%emt 0:00:01]} O-O {[%emt 0:00:04]} 11. f4 {[%emt 0:00:01]} Rb8 {[%emt 0:00:08]} 12. b3 {[%emt 0:00:02]} d5 {[%emt 0:00:18]} 13. e5 {[%emt 0:00:01]} Nd7 {[%emt 0:00:02]} 14. Ne2 {[%emt 0:00:01]} d4 {[%emt 0:00:05]} 15. Ng3 {[%emt 0:00:07]} Bg6 {[%emt 0:00:03]} 16. Ng4 {[%emt 0:00:01]} Bh4 {[%emt 0:00:05]} 17. Rf3 {[%emt 0:00:03]} Nb6 {[%emt 0:00:03]} 18. Qd2 {[%emt 0:00:02]} Nd5 {[%emt 0:00:07]} 19. Nf1 {[%emt 0:00:04]} Bf5 {[%emt 0:00:14]} 20. Nf2 {[%emt 0:00:06]} Bxf2+ {[%emt 0:00:26]} 21. Qxf2 {[%emt 0:00:00]} Nc3 {[%emt 0:00:09]} 22. g4 {[%emt 0:00:03]} Bg6 {[%emt 0:00:01]} 23. h4 {[%emt 0:00:01]} h6 {[%emt 0:00:04]} 24. g5 {[%emt 0:00:01]} hxg5 {[%emt 0:00:01]} 25. hxg5 {[%emt 0:00:01]} Bf5 {[%emt 0:00:15]} (25... Bh5 26. Rh3 g6 27. Ng3 Kg7 28. Nxh5+ gxh5 29. Rxh5 Rh8 30. Qh4 Rxh5 31. Qxh5 Qh8 32. Qxh8+ Rxh8 33. Bd2 Ne2+ 34. Kf2 Rh2+ 35. Kf3 Ng1+ 36. Rxg1 Rxd2 37. Rg2 Rxg2 38. Kxg2 Kg6 39. Kf3 Kf5 40. a3 a6 41. a4 a5 42. Kg3 Kg6 43. Kg4 Kg7 44. f5 exf5+ 45. Kxf5 Kg8 46. Kf6 Kf8 47. g6 (47. e6 fxe6 48. Kxe6 Kg7 49. Kd6 Kg6)) 26. Qh4 {[%emt 0:00:02]} g6 {[%emt 0:00:09]} 27. Ng3 {[%emt 0:00:01]} Qd5 {[%emt 0:00:36]} 28. Nxf5 {[%emt 0:00:08] Justwatch beraberlik teklif ediyor} exf5 {[%emt 0:00:38]} (28... Qxf3 29. Ne7+ Kg7 30. Qh6#) (28... Ne2+ 29. Kf2) (28... Rfe8 29. Qh6 exf5 30. Rh3) 29. Rh3 {[%emt 0:00:02]} Ne2+ {[%emt 0:00:03]} 30. Kf2 {[%emt 0:00:02] Time (Lag: Av=0.61s, max=1.0s)} 1-0

[Event "Stay Safe Play From Home 204"]
[Site "T#646591Emanuel Laske"]
[Date "2020.06.05"]
[Round "7"]
[White "Haris kollari 13"]
[Black "Bellbox"]
[Result "0-1"]
[WhiteElo "1989"]
[BlackElo "1946"]
[Annotator "NA RC"]
[PlyCount "94"]
[EventDate "2020.06.05"]
[EventType "swiss (blitz)"]

1. e4 {[%emt 0:00:02]} e5 {[%emt 0:00:01]} 2. Nf3 {[%emt 0:00:01]} Nf6 {[%emt 0:00:02]} 3. Nc3 {[%emt 0:00:01]} Bb4 {[%emt 0:00:01]} 4. d3 {[%emt 0:00:01]} Bxc3+ {[%emt 0:00:01]} 5. bxc3 {[%emt 0:00:01]} Nc6 {[%emt 0:00:00]} 6. Bg5 {[%emt 0:00:01]} h6 {[%emt 0:00:01]} 7. Bh4 {[%emt 0:00:01]} O-O {[%emt 0:00:01]} 8. Be2 {[%emt 0:00:05]} d6 {[%emt 0:00:01]} 9. Qd2 {[%emt 0:00:05]} Qe7 {[%emt 0:00:01]} 10. O-O {[%emt 0:00:04]} Qe6 {[%emt 0:00:01]} 11. h3 {[%emt 0:00:02]} Ne7 {[%emt 0:00:02]} 12. Nh2 {[%emt 0:00:04]} Ng6 {[%emt 0:00:01]} 13. Bg3 {[%emt 0:00:01]} d5 {[%emt 0:00:04]} 14. exd5 {[%emt 0:00:10]} Nxd5 {[%emt 0:00:02]} 15. c4 {[%emt 0:00:07]} Ndf4 {[%emt 0:00:01]} 16. Bf3 {[%emt 0:00:01]} Qf5 {[%emt 0:00:05]} 17. Rfe1 {[%emt 0:00:02]} f6 {[%emt 0:00:07]} 18. h4 {[%emt 0:00:23]} h5 {[%emt 0:00:08]} 19. Qd1 {[%emt 0:00:14]} c6 {[%emt 0:00:14]} 20. Nf1 {[%emt 0:00:10]} Ne7 {[%emt 0:00:42]} 21. Ne3 {[%emt 0:00:18]} Qh7 {[%emt 0:00:11]} 22. Qd2 {[%emt 0:00:18]} Nf5 {[%emt 0:00:07]} 23. Nxf5 {[%emt 0:00:03]} Qxf5 {[%emt 0:00:02]} 24. Bxf4 {[%emt 0:00:01]} exf4 {[%emt 0:00:01]} 25. Re7 {[%emt 0:00:02]} g5 {[%emt 0:00:22]} 26. Be4 {[%emt 0:00:22]} Qg4 {[%emt 0:00:03]} 27. hxg5 {[%emt 0:00:01]} fxg5 {[%emt 0:00:02]} 28. Bf3 {[%emt 0:00:06]} Qf5 {[%emt 0:00:10]} 29. Rae1 {[%emt 0:00:16]} g4 {[%emt 0:00:02]} 30. Be4 {[%emt 0:00:03]} Qf6 {[%emt 0:00:02]} 31. d4 {[%emt 0:00:19]} Bf5 {[%emt 0:00:22]} 32. Bxf5 {[%emt 0:00:10]} Qxf5 {[%emt 0:00:02]} 33. R1e5 {[%emt 0:00:01]} Qf6 {[%emt 0:00:03]} 34. Qd3 {[%emt 0:00:01]} Rf7 {[%emt 0:00:02]} 35. Re8+ {[%emt 0:00:16]} Rxe8 {[%emt 0:00:05]} 36. Rxe8+ {[%emt 0:00:01]} Kg7 {[%emt 0:00:05]} 37. Qe4 {[%emt 0:00:10]} g3 {[%emt 0:00:08]} 38. f3 {[%emt 0:00:02]} Rd7 {[%emt 0:00:17]} 39. c3 {[%emt 0:00:03]} Kf7 {[%emt 0:00:09]} 40. Re5 {[%emt 0:00:04]} Re7 {[%emt 0:00:03]} 41. Qh7+ {[%emt 0:00:01]} Ke8 {[%emt 0:00:03]} 42. Qg8+ {[%emt 0:00:03]} Kd7 {[%emt 0:00:01]} 43. Rxe7+ {[%emt 0:00:01]} Qxe7 {[%emt 0:00:00]} 44. Kf1 {[%emt 0:00:07]} Kc7 {[%emt 0:00:09]} 45. Qg6 {[%emt 0:00:02]} Qe3 {[%emt 0:00:08]} 46. Qf7+ {[%emt 0:00:02]} Kb6 {[%emt 0:00:01]} 47. Qf6 {[%emt 0:00:01]} Qf2# {[%emt 0:00:02] (Lag: Av=0.66s, max=1.4s)} 0-1